[Event "AUTO-MASTER-3289"]
[Site "http://www.queenalice.com/game.php?id=1866178"]
[Date "2025.11.26"]
[Round "1"]
[White "Capixaba789"]
[Black "Diego_Silveira"]
[Result "0-1"]
[WhiteElo "1957"]
[BlackElo "2106"]

1. d4 d5 2. Nc3 c6 3. f4 Nf6 4. Nf3 Bg4 5. e3 e6 6. Bd3 Bb4 7. Bd2 O-O 8. O-O
Nbd7 9. Qe1 c5 10. Ne5 Bh5 11. Ne2 Bxd2 12. Qxd2 c4 13. Nxc4 dxc4 14. Bxc4 Ne4
15. Qe1 Rc8 16. Bd3 Ndf6 17. Ng3 Bg6 18. Nxe4 Nxe4 19. Rc1 Qb6 20. Rb1 Rfd8 21.
Kh1 h6 22. a3 a6 23. h3 Qc6 24. Qe2 b5 25. Bxe4 Bxe4 26. Rbc1 Rd7 27. c3 Qc4 28.
Qf2 a5 29. Qd2 Qd3 30. Qf2 Rdc7 31. Qe1 b4 32. axb4 axb4 33. Rd1 Qc2 0-1

[Event "AUTO-MASTER-3289"]
[Site "http://www.queenalice.com/game.php?id=1866179"]
[Date "2025.11.26"]
[Round "1"]
[White "Diego_Silveira"]
[Black "Capixaba789"]
[Result "1-0"]
[WhiteElo "2084"]
[BlackElo "1929"]

1. d4 d5 2. c4 Nf6 3. cxd5 Nxd5 4. e4 Nf6 5. Nc3 e6 6. Nf3 Be7 7. e5 Nd5 8. Ne4
O-O 9. Bd3 c6 10. O-O a5 11. Nfg5 h6 12. Qh5 f5 13. exf6 Nxf6 14. Nxf6+ Rxf6 15.
Ne4 Rf5 16. Qg6 Qf8 17. Ng3 Kh8 18. Nxf5 exf5 19. g4 Be6 20. Qxe6 Bf6 21. Qxf5
Na6 22. Qh7# 1-0

[Event "AUTO-MASTER-3289"]
[Site "http://www.queenalice.com/game.php?id=1866196"]
[Date "2025.11.26"]
[Round "1"]
[White "Diego_Silveira"]
[Black "Pipo712"]
[Result "0-1"]
[WhiteElo "2077"]
[BlackElo "2090"]

1. Nf3 d5 2. c4 d4 3. e3 c5 4. exd4 cxd4 5. d3 Nc6 6. Be2 e5 7. O-O a5 8. Nbd2
f5 9. Re1 Nf6 10. Nf1 Bc5 11. Ng3 O-O 12. Bf1 Re8 13. Bg5 h6 14. Bxf6 Qxf6 15.
a3 g6 16. Qa4 Bd7 17. Qb5 b6 18. Qb3 a4 19. Qc2 Na5 20. Re2 Nb3 21. Rae1 Bd6 22.
Kh1 Rad8 23. Kg1 Bc6 24. Kh1 Bc7 25. Kg1 e4 26. dxe4 d3 0-1

[Event "AUTO-MASTER-3289"]
[Site "http://www.queenalice.com/game.php?id=1866197"]
[Date "2025.11.26"]
[Round "1"]
[White "Pipo712"]
[Black "Diego_Silveira"]
[Result "1-0"]
[WhiteElo "2073"]
[BlackElo "2094"]

1. e4 c6 2. d4 d5 3. Nc3 dxe4 4. Nxe4 Nf6 5. Nxf6+ gxf6 6. Nf3 Bf5 7. Bf4 e6 8.
Qd2 Rg8 9. Bg3 Bd6 10. O-O-O a5 11. Bd3 Bxd3 12. Qxd3 f5 13. Bh4 Be7 14. Bxe7
Qxe7 15. g3 Nd7 16. Rhe1 O-O-O 17. Qxf5 a4 18. Qa5 b5 19. d5 Qc5 20. dxc6 Qxc6
21. Nd4 Qc4 22. Nxb5 1-0

[Event "AUTO-MASTER-3303"]
[Site "http://www.queenalice.com/game.php?id=1872337"]
[Date "2026.4.23"]
[Round "1"]
[White "Mistakesrme"]
[Black "Diego_Silveira"]
[Result "1-0"]
[WhiteElo "2134"]
[BlackElo "2147"]

1. c4 c5 2. g3 Nf6 3. Nf3 e6 4. Bg2 d5 5. cxd5 exd5 6. d4 Nc6 7. e3 c4 8. Nc3
Bb4 9. O-O O-O 10. Qc2 Re8 11. Bd2 g6 12. a3 Bd6 13. Nb5 Bb8 14. Nh4 a6 15. Nc3
b5 16. b3 Na5 17. Nxd5 Nxb3 18. Nxf6+ Qxf6 19. Bxa8 Nxa1 20. Rxa1 Bh3 21. Bg2
Bxg2 22. Nxg2 Qf3 23. Qd1 Qe4 24. a4 Bd6 25. axb5 axb5 26. Rb1 Rb8 27. Bb4 Bxb4
28. Rxb4 1-0

[Event "AUTO-MASTER-3303"]
[Site "http://www.queenalice.com/game.php?id=1872338"]
[Date "2026.4.23"]
[Round "1"]
[White "Diego_Silveira"]
[Black "Mistakesrme"]
[Result "1/2-1/2"]
[WhiteElo "2146"]
[BlackElo "2124"]

1. d4 e6 2. c4 f5 3. g3 Nf6 4. Bg2 d6 5. Nc3 Be7 6. Nh3 O-O 7. O-O e5 8. dxe5
dxe5 9. Qb3 c6 10. c5+ Kh8 11. Rd1 Qe8 12. Ng5 Bxc5 13. Na4 Na6 14. Nxc5 Nxc5
15. Qc4 Ne6 16. Nf3 Nc7 17. Ng5 h6 18. Qh4 Kg8 19. Qc4+ Kh8 20. Qh4 Kg8 21. Qc4+
Kh8 1/2-1/2

[Event "AUTO-MASTER-3303"]
[Site "http://www.queenalice.com/game.php?id=1872351"]
[Date "2026.4.23"]
[Round "1"]
[White "chessman"]
[Black "Diego_Silveira"]
[Result "0-1"]
[WhiteElo "2051"]
[BlackElo "2135"]

1. e4 c6 2. d4 d5 3. Nc3 dxe4 4. Nxe4 Bf5 5. Ng3 Bg6 6. Nf3 Nd7 7. Bc4 e6 8. O-O
Ngf6 9. Ng5 Nd5 10. Re1 Be7 11. Nf3 O-O 12. c3 Re8 13. Bxd5 cxd5 14. Ne5 Nxe5
15. Rxe5 Bf6 16. Re1 Qb6 17. Qe2 Rac8 18. Bf4 a6 19. Qd2 Qb5 20. Be5 Bxe5 21.
Rxe5 h6 22. a3 Qc4 23. Rae1 b5 24. f4 Qc6 25. Qe2 Kf8 26. Nf1 Be4 27. Ng3 f6 28.
Rh5 Bg6 29. Rh3 Re7 30. f5 Bf7 31. fxe6 Rxe6 32. Qd2 Rxe1+ 33. Qxe1 Re8 34. Qd2
Qe6 35. Rh5 Bxh5 36. Nxh5 Qe1+ 37. Qxe1 Rxe1+ 38. Kf2 Rb1 0-1

[Event "AUTO-MASTER-3303"]
[Site "http://www.queenalice.com/game.php?id=1872352"]
[Date "2026.4.23"]
[Round "1"]
[White "Diego_Silveira"]
[Black "chessman"]
[Result "1/2-1/2"]
[WhiteElo "2124"]
[BlackElo "2082"]

1. d4 d5 2. c4 c6 3. Nf3 Nf6 4. Nc3 e6 5. Bg5 Be7 6. e3 O-O 7. Rc1 a6 8. a4 Re8
9. cxd5 exd5 10. Bd3 Nbd7 11. O-O Nf8 12. Ne5 Be6 13. h3 Ng6 14. Nxg6 hxg6 15.
Re1 Nd7 16. Bxe7 Qxe7 17. e4 dxe4 18. Nxe4 Nf6 19. Ng5 Qb4 20. Nxe6 Rxe6 21.
Rxe6 fxe6 22. Bxg6 Rd8 23. Qe2 Qxd4 24. Qxe6+ Kh8 25. Rc4 Qd1+ 26. Kh2 Qd6+ 27.
Qxd6 Rxd6 28. Rh4+ Kg8 29. Rb4 b5 30. axb5 cxb5 31. Rb3 Ng4+ 32. hxg4 Rxg6 33.
Kg3 Kf7 34. f4 Rc6 35. Ra3 Ke6 36. Kf3 g6 37. Ke3 Kf6 38. g3 Rd6 39. Ra1 Ke6 40.
Rc1 Rb6 41. Ke4 a5 42. f5+ Kf6 43. Kf4 g5+ 44. Ke4 b4 45. Rc5 Ra6 46. Rb5 Kf7
47. Kd5 Kf6 48. Rc5 a4 49. Rb5 a3 50. bxa3 bxa3 51. Rb1 a2 52. Ra1 Ra4 53. Kd6
Rxg4 54. Rxa2 Rxg3 55. Rf2 g4 56. Kd5 Rg1 57. Ke4 g3 58. Re2 g2 59. Kf3 Rf1+ 60.
Kxg2 1/2-1/2

[Event "AUTO-MASTER-3303"]
[Site "http://www.queenalice.com/game.php?id=1872361"]
[Date "2026.4.23"]
[Round "1"]
[White "Diego_Silveira"]
[Black "maurice916"]
[Result "1-0"]
[WhiteElo "2139"]
[BlackElo "1893"]

1. d4 Nf6 2. c4 c6 3. Nc3 d5 4. Nf3 a6 5. c5 b5 6. cxb6 Qxb6 7. g3 Bb7 8. Bg2 e6
9. O-O Qd8 10. Qb3 Qc8 11. Na4 Nbd7 12. Bf4 c5 13. dxc5 Nxc5 14. Nxc5 Bxc5 15.
Rac1 Nd7 16. Qa4 Bc6 17. Qa5 Bb6 18. Qa3 Qb7 19. Bd6 Nf6 20. Ne5 Bb5 21. Rfe1
Rc8 22. Rxc8+ Qxc8 23. h4 Ne4 24. e3 Bc5 25. Rc1 Bxa3 26. Rxc8# 1-0

[Event "AUTO-MASTER-3303"]
[Site "http://www.queenalice.com/game.php?id=1872362"]
[Date "2026.4.23"]
[Round "1"]
[White "maurice916"]
[Black "Diego_Silveira"]
[Result "0-1"]
[WhiteElo "1947"]
[BlackElo "2129"]

1. Nf3 Nf6 2. g3 g6 3. b3 Bg7 4. Bb2 O-O 5. Bg2 d5 6. O-O c5 7. e3 Nc6 8. c4
dxc4 9. bxc4 Qd3 10. Qb3 Nb4 11. Qxd3 Nxd3 12. Bc3 Rd8 13. Na3 Ne4 14. Bxg7 Kxg7
15. Rab1 Rb8 16. Nb5 a6 17. Nc3 Nd6 18. Nd5 Nxc4 19. Nc3 b5 20. a4 b4 21. Ne4 b3
22. Nc3 Na3 23. Ra1 Nc2 24. Rab1 b2 25. Rfd1 Na3 26. Bf1 Nxb1 27. Rxb1 c4 28.
Nd4 Rd6 29. f4 f6 30. Bxd3 cxd3 31. Kf2 e5 32. fxe5 fxe5 33. Nf3 Re6 34. e4 Rf6
35. Ke3 Rxf3+ 36. Kxf3 a5 37. Ke3 Ba6 38. h3 Bc4 39. g4 Kf6 40. h4 Ke6 41. Nd1
Rb4 42. Nc3 Kd6 43. g5 Kc5 44. Kf3 Kd4 45. Rg1 Bb3 46. Rb1 Bc2 47. Rh1 b1=Q 48.
Rxb1 Bxb1 49. Kg4 Bc2 50. h5 Bxa4 51. Nd5 Rb2 52. Nf6 Bd1+ 53. Kh4 Bxh5 54. Nxh5
gxh5 55. Kxh5 Rxd2 56. Kh6 Rh2+ 0-1

[Event "AUTO-OPEN-4649"]
[Site "http://www.queenalice.com/game.php?id=1872486"]
[Date "2026.4.25"]
[Round "1"]
[White "Diego_Silveira"]
[Black "Eder_Dionatan_da_Silva_Machado"]
[Result "1-0"]
[WhiteElo "2144"]
[BlackElo "1500"]

1. d4 Nf6 2. c4 e6 3. Nf3 d5 4. Bg5 h6 5. Bh4 dxc4 6. e4 g5 7. Nxg5 hxg5 8. Bxg5
Bb4+ 9. Nd2 Qxd4 10. Qa4+ Bd7 11. Qxb4 Nxe4 12. Qe7# 1-0

[Event "AUTO-OPEN-4649"]
[Site "http://www.queenalice.com/game.php?id=1872487"]
[Date "2026.4.25"]
[Round "1"]
[White "Eder_Dionatan_da_Silva_Machado"]
[Black "Diego_Silveira"]
[Result "0-1"]
[WhiteElo "1405"]
[BlackElo "2146"]

1. e4 c6 2. d4 d5 3. Nc3 dxe4 4. Nxe4 Bf5 5. Ng3 Bg6 6. h4 h6 7. Nf3 Nd7 8. h5
Bh7 9. Bd3 Bxd3 10. cxd3 e6 11. O-O Ngf6 12. Qb3 Qc7 13. Ne4 Nxe4 0-1

[Event "AUTO-OPEN-4649"]
[Site "http://www.queenalice.com/game.php?id=1872488"]
[Date "2026.4.25"]
[Round "1"]
[White "Diego_Silveira"]
[Black "Carlos19"]
[Result "1-0"]
[WhiteElo "2145"]
[BlackElo "1532"]

1. d4 e6 2. c4 c5 3. d5 e5 4. e4 d6 5. Nc3 Nf6 6. Bd3 Nc6 7. dxc6 bxc6 8. Nf3
Bg4 9. O-O a5 10. h3 Bxf3 11. Qxf3 a4 12. Rd1 h5 13. Rb1 h4 14. Bg5 Be7 15. Bc2
Qc8 16. Nxa4 Qa6 17. b3 g6 18. Bxf6 Ra7 19. Bxh8 Qa5 20. Bg7 g5 21. Qg4 f6 22.
Qh5+ Kd7 23. Qf7 Qd8 24. Nxc5+ Kc8 25. Bxf6 Qc7 26. Qe8+ Bd8 27. Bxd8 Qf7 28.
Qxc6+ Kb8 29. Qxd6+ Ka8 30. Bb6 Qe7 31. Qd8+ Qxd8 32. Rxd8# 1-0

[Event "AUTO-OPEN-4649"]
[Site "http://www.queenalice.com/game.php?id=1872489"]
[Date "2026.4.25"]
[Round "1"]
[White "Carlos19"]
[Black "Diego_Silveira"]
[Result "0-1"]
[WhiteElo "1559"]
[BlackElo "2145"]

1. e4 c6 2. Bc4 d5 3. exd5 cxd5 4. Bb5+ Bd7 5. Bxd7+ Qxd7 6. d4 Nf6 7. Nf3 Nc6
8. Bg5 Ne4 9. O-O Nxg5 10. Nxg5 Qf5 11. Nf3 e6 12. a3 Bd6 13. Nh4 Qe4 14. Nf3 h5
15. Nbd2 Qg4 16. h3 Qf4 17. g3 Qf6 18. c4 dxc4 19. Nxc4 Bc7 20. h4 Rd8 21. Qa4
Qxf3 22. Ne5 Qd5 23. Rad1 Bxe5 24. Kh2 Bc7 25. f4 O-O 26. b4 Qa2+ 27. Kg1 Rxd4
28. Rxd4 Nxd4 29. Qd7 Bb6 30. Kh1 Rd8 31. Qxb7 Qe2 32. Qg2 Qg4 33. Rd1 Qxd1+ 34.
Kh2 Nf3+ 35. Kh3 Ng1+ 36. Kh2 Rd2 0-1